000 01918nam a2200349 i 4500
001 nkc20253709964
003 CZ PrSKC
005 20260429105440.0
007 ta
008 250930s2024 xr a b 000 j cze
020 _a9788090927834
_cKč 469,00
040 _aABG001
_bcze
_dOLA001
_erda
072 7 _a821.162.3-3
_xČeská próza
_2Konspekt
072 7 _a821-93
_xLiteratura pro děti a mládež (beletrie)
_2Konspekt
080 _a821.162.3-32
_2MRF
080 _a821-93
_2MRF
080 _a(0:82-32)
_2MRF
100 1 _aTkáč, Jan,
_d1973-
_4aut
_920732
245 1 0 _aNečekané dobrodružství draka Ilíka
_p/Kroniky beskydských draků.
_cJan Tkáč
246 3 0 _aNečekané dobrodružství draka Ilíka
250 _aDruhé vydání
264 1 _aOstrava :
_bTajemné Beskydy,
_c2024
300 _a254 stran :
_bbarevné ilustrace ;
_c22 cm
500 _aObsahuje QR kódy s přístupem k rozšiřujícím materiálům
520 2 _aDobrodružství dráčka Ilíka odehrávající se v kulisách beskydské krajiny.
_bIlík je malý jablunkovský drak. Se svou partou Dračí tajfun se snaží odhalit tajemství magických rohů, ale všechno se nečekaně zamotá a Ilík je vržen do ještě většího dobrodružství, než si vůbec dokázal představit. Náš malý drak se ocitá ztracen v Beskydech, daleko od domova. Při hledání cesty zpět zažívá dobrodružství, potkává nové přátele i čelí nebezpečím. Postupně odkrývá záhadnou minulost svého dračího rodu a jeho dávného nepřítele. Ilík musí sebrat odvahu a překonat sám sebe, aby ochránil nejen svou dračí osadu, ale možná i celé Beskydy před hrozbami, které se vynořují z temnot. Nakladatelská anotace. Kráceno.
655 7 _ačeské příběhy
655 7 _apublikace pro děti
655 9 _aCzech stories
655 9 _achildren's literature
910 _aABG508
999 _c34237
_d34237